Opera : průvodce operní tvorbou /

Saved in:
Bibliographic Details
Main Author: Hostomská, Anna 1907-1995 (Author)
Format: Book
Language:Czech
Published: Praha : Svoboda, 1999.
Edition:10. vyd. (v Svobodě 1.).
Subjects:
ISBN: 8020505784 (viaz.)
Physical Description: 696 s. : obr. príl.
Tags: Add Tag
No Tags, Be the first to tag this record!

MARC

LEADER 00000nam a2200000 a 4500
001 000033713
003 SVKK
005 20131006180022.0
008 000426s1999 xr e cze d
020 |a 8020505784 (viaz.) 
040 |a SVKKK  |b slo  |c SVKKK  |e AACR2 
041 0 |a cze 
044 |a xr  |c CZ 
072 7 |a 782  |x Divadelná hudba. Opera, opereta, muzikál  |2 konspekt 
080 |a 782  |2 2001 
080 |a (035)  |2 2001 
100 1 |a Hostomská, Anna  |d 1907-1995  |4 aut 
245 1 0 |a Opera :  |b průvodce operní tvorbou /  |c Anna Hostomská. 
250 |a 10. vyd. (v Svobodě 1.). 
260 |a Praha :  |b Svoboda,  |c 1999. 
300 |a 696 s. :  |b obr. príl. 
653 0 |a opera  |2 SVKKKPH 
655 7 |a príručky  |2 SVKKKPH 
910 |a svkkk 
919 |a 80-205-0578-4 
998 |a BK 
090 |g SCKHL  |k Sklad Pribinova prízemie  |a IV.182677  |j 932471  |i 2720048063  |s Absenčne 
090 |g SCKHL  |k Sklad Pribinova prízemie  |a IV.182678  |j 932472  |i 2720175683  |s Absenčne